Vista normal
Vista MARC
Entrada Corporate Name
Número de registros utilizados en: 2
001 - CONTROL NUMBER
- control field: 18379
003 - CONTROL NUMBER IDENTIFIER
- control field: OSt
005 - DATE AND TIME OF LATEST TRANSACTION
- control field: 20230915230706.0
008 - FIXED-LENGTH DATA ELEMENTS
- fixed length control field: 230915|| aca||aabn | a|a d
040 ## - CATALOGING SOURCE
- Original cataloging agency: OSt
- Transcribing agency: OSt
110 ## - HEADING--CORPORATE NAME
- Corporate name or jurisdiction name as entry element: Asociación Instituto Linguistico de Verano
670 ## - SOURCE DATA FOUND
- Source citation: Work cat.: (OSt)23670: Asociación Instituto Linguistico de Verano, Bibliografía 1997 : , 1997